[Event "Fagernes op"]
[Site "Fagernes"]
[Date "2020.10.09"]
[Round "7"]
[White "Galinskyi, Mykhalo"]
[Black "Schouten, Mathias Lind"]
[Result "0-1"]
[WhiteElo "1876"]
[BlackElo "1822"]
[PlyCount "86"]
[EventDate "2020.10.04"]
[EventType "swiss"]
[EventRounds "9"]
[EventCountry "NOR"]
[SourceTitle "EXT 2024"]
[Source "ChessBase"]
[SourceDate "2023.10.10"]
[SourceVersion "1"]
[SourceVersionDate "2023.10.10"]
[SourceQuality "1"]

1. d4 Nf6 2. c4 g6 3. Nf3 Bg7 4. Nc3 0-0 5. e4 d6 6. Be2 e5 7. dxe5 dxe5 8. 0-0 Qe7 9. Nd5 Nxd5 10. cxd5 c6 11. Bc4 cxd5 12. Bxd5 Be6 13. Qb3 Bxd5 14. Qxd5 Rd8 15. Qb3 Bf6 16. Be3 Nc6 17. Rfe1 Qb4 18. Qxb4 Nxb4 19. Rec1 Nc6 20. Rd1 Kf8 21. Rac1 Ke7 22. h3 Rxd1+ 23. Rxd1 Rd8 24. Bc5+ Ke8 25. Rxd8+ Kxd8 26. Kf1 Be7 27. Bxe7+ Kxe7 28. Ke2 f6 29. g4 Ke6 30. a3 Nd4+ 31. Nxd4+ exd4 32. Kd3 Ke5 33. f4+ Kxf4 34. Kxd4 h5 35. gxh5 gxh5 36. Kd5 h4 37. b3 Ke3 38. e5 fxe5 39. Kxe5 Kf3 40. Kd4 Kg3 41. Ke3 Kxh3 42. Kf3 Kh2 43. Kf2 h3 0-1

[Event "Fagernes op"]
[Site "Fagernes"]
[Date "2020.10.07"]
[Round "5"]
[White "Galinskyi, Mykhalo"]
[Black "Rynning, Rune Kleiven"]
[Result "1-0"]
[WhiteElo "1876"]
[BlackElo "1678"]
[PlyCount "77"]
[EventDate "2020.10.04"]
[EventType "swiss"]
[EventRounds "9"]
[EventCountry "NOR"]
[SourceTitle "EXT 2024"]
[Source "ChessBase"]
[SourceDate "2023.10.10"]
[SourceVersion "1"]
[SourceVersionDate "2023.10.10"]
[SourceQuality "1"]

1. d4 d5 2. Nf3 Nf6 3. c4 c6 4. Bf4 e6 5. Nc3 dxc4 6. e3 b5 7. a4 Bb4 8. Qc2 Qa5 9. Rc1 Nd5 10. Bg3 Nd7 11. Be2 N7b6 12. axb5 cxb5 13. 0-0 Bxc3 14. bxc3 Na4 15. Ne5 Qxc3 16. Bxc4 a6 17. Bxd5 Qxc2 18. Rxc2 exd5 19. Nc6 Bf5 20. Rd2 f6 21. Nb4 Nb6 22. Ra2 a5 23. Nc6 Nc4 24. Rfa1 a4 25. Nb4 Nb6 26. Bc7 Nc4 27. Nxd5 Kd7 28. Bf4 Ra7 29. Nc3 Kc6 30. e4 Bd7 31. Rb1 Rb7 32. d5+ Kc5 33. Nxa4+ Kd4 34. Rd1+ Kxe4 35. Nc5+ Kxf4 36. Nxb7 Bf5 37. d6 Ne5 38. Rd4+ Kg5 39. f4+ 1-0

[Event "Gibraltar Amateur op-A"]
[Site "Caleta"]
[Date "2019.01.23"]
[Round "3"]
[White "Carr, Jay A"]
[Black "Galinskyi, Mykhalo"]
[Result "1-0"]
[WhiteElo "1842"]
[BlackElo "1540"]
[PlyCount "77"]
[EventDate "2019.01.21"]
[EventType "swiss"]
[EventRounds "5"]
[EventCountry "GGB"]
[SourceTitle "CBM 188 Extra"]
[Source "ChessBase"]
[SourceDate "2019.02.26"]
[SourceVersion "1"]
[SourceVersionDate "2019.02.26"]
[SourceQuality "1"]

1. c4 e6 2. g3 d5 3. Bg2 Nf6 4. Nf3 dxc4 5. Qa4+ Bd7 6. Qxc4 Bc6 7. 0-0 a6 8. d3 Bd6 9. b3 Nbd7 10. Bb2 0-0 11. Nbd2 Rc8 12. Qc2 Re8 13. Nc4 b5 14. Na5 Ba8 15. Nc6 Bxc6 16. Qxc6 Nb8 17. Qc3 c5 18. Rac1 Nc6 19. Qd2 Qb6 20. h3 e5 21. Ng5 h6 22. Ne4 Nxe4 23. Bxe4 Nd4 24. Bc3 b4 25. Ba1 a5 26. e3 Ne6 27. Rfd1 Ng5 28. Bg2 Ne6 29. Bd5 Nc7 30. Bc4 Ne6 31. Bd5 Nc7 32. Bg2 Ne6 33. Qe2 Qc7 34. Rc4 f5 35. Bd5 Kh8 36. Qh5 f4 37. gxf4 exf4 38. Qxh6+ Kg8 39. Bxe6+ 1-0

[Event "Fagernes Norsk op-B"]
[Site "Fagernes"]
[Date "2015.03.29"]
[Round "4"]
[White "Galinskyi, Mykhalo"]
[Black "Bjorgvik, Jan Arne"]
[Result "0-1"]
[WhiteElo "1490"]
[BlackElo "1833"]
[PlyCount "68"]
[EventDate "2015.03.29"]
[EventType "swiss"]
[EventRounds "9"]
[EventCountry "NOR"]
[SourceTitle "EXT 2016"]
[Source "ChessBase"]
[SourceDate "2015.10.08"]
[SourceVersion "1"]
[SourceVersionDate "2015.10.08"]
[SourceQuality "1"]

1. e4 c6 2. d4 d5 3. exd5 cxd5 4. Bd3 Nf6 5. Bf4 Nc6 6. c3 e6 7. Nf3 Bd6 8. Bg5 h6 9. Bh4 Be7 10. Nbd2 Nh5 11. Bg3 Nxg3 12. fxg3 Bf6 13. Qc2 Bd7 14. 0-0 Rc8 15. a3 Nxd4 16. Nxd4 Bxd4+ 17. Kh1 Bf6 18. Qb3 Bc6 19. Bb5 Qb6 20. a4 a6 21. Bxc6+ Qxc6 22. a5 0-0 23. Ra4 Be7 24. Nf3 Qb5 25. Qxb5 axb5 26. Ra2 b4 27. Rc1 bxc3 28. Rxc3 Bb4 29. Rxc8 Rxc8 30. h3 Ra8 31. Ra4 Bd6 32. b4 b5 33. Ra2 Bxb4 34. Rb2 Bxa5 0-1

[Event "Fagernes Norsk op-B"]
[Site "Fagernes"]
[Date "2015.03.29"]
[Round "5"]
[White "Thorvaldsen, Idun"]
[Black "Galinskyi, Mykhalo"]
[Result "1/2-1/2"]
[WhiteElo "984"]
[BlackElo "1490"]
[PlyCount "50"]
[EventDate "2015.03.29"]
[EventType "swiss"]
[EventRounds "9"]
[EventCountry "NOR"]
[SourceTitle "EXT 2016"]
[Source "ChessBase"]
[SourceDate "2015.10.08"]
[SourceVersion "1"]
[SourceVersionDate "2015.10.08"]
[SourceQuality "1"]

1. d4 d5 2. c4 dxc4 3. e3 e6 4. Bxc4 Nf6 5. Nc3 c5 6. Nf3 Nc6 7. 0-0 Be7 8. Re1 0-0 9. b3 a6 10. Bb2 b5 11. Be2 Bb7 12. Ne5 Qc7 13. Nxc6 Qxc6 14. Bf3 Qc7 15. Rc1 Rfd8 16. Bxb7 Qxb7 17. Ne2 Rac8 18. f3 Nd5 19. Ng3 cxd4 20. Rxc8 Qxc8 21. Bxd4 h6 22. Qa1 Bf6 23. Bxf6 Nxf6 24. Rd1 Rxd1+ 25. Qxd1 Qd7 1/2-1/2

[Event "Golden Sands Europe op 3rd"]
[Site "Golden Sands"]
[Date "2014.06.13"]
[Round "4"]
[White "Galinskyi, Mykhalo"]
[Black "Lennartz, Christina"]
[Result "0-1"]
[WhiteElo "1487"]
[BlackElo "1805"]
[PlyCount "58"]
[EventDate "2014.06.10"]
[EventType "swiss"]
[EventRounds "9"]
[EventCountry "BUL"]
[SourceTitle "CBM 160 Extra"]
[Source "ChessBase"]
[SourceDate "2014.07.01"]
[SourceVersion "1"]
[SourceVersionDate "2014.07.01"]
[SourceQuality "1"]

1. e4 c5 2. Nf3 a6 3. c3 g6 4. d4 cxd4 5. cxd4 Bg7 6. Nc3 d6 7. Bd3 Nf6 8. Bg5 0-0 9. 0-0 Re8 10. Qe2 Nc6 11. d5 Nb8 12. Rac1 Bg4 13. a4 Nbd7 14. Qe3 Bxf3 15. gxf3 Ne5 16. Be2 Rc8 17. Rfd1 Qa5 18. Rd4 Ned7 19. b4 Qd8 20. Rd2 Nb6 21. Rdc2 Nc4 22. Bxc4 Rxc4 23. Na2 Rxc2 24. Rxc2 Qd7 25. Qb3 Qh3 26. Rc3 Nh5 27. Rc1 Be5 28. Rc3 Bxh2+ 29. Kh1 Bg3+ 0-1

[Event "Albena Masters op"]
[Site "Albena"]
[Date "2014.06.08"]
[Round "8"]
[White "Sola, Flavien"]
[Black "Galinskyi, Mykhalo"]
[Result "1-0"]
[WhiteElo "2027"]
[BlackElo "1487"]
[PlyCount "57"]
[EventDate "2014.06.01"]
[EventType "swiss"]
[EventRounds "9"]
[EventCountry "BUL"]
[SourceTitle "CBM 160 Extra"]
[Source "ChessBase"]
[SourceDate "2014.07.01"]
[SourceVersion "1"]
[SourceVersionDate "2014.07.01"]
[SourceQuality "1"]

1. e4 d5 2. e5 Bf5 3. h4 e6 4. g4 Ne7 5. gxf5 Nxf5 6. Nf3 c5 7. Bh3 Nxh4 8. Nxh4 Qxh4 9. Qg4 Qe7 10. c3 Nc6 11. f4 g6 12. Bf1 a6 13. Qh4 Qxh4+ 14. Rxh4 h5 15. Na3 Bh6 16. Nc2 Bg7 17. b4 Rc8 18. bxc5 g5 19. Rh2 gxf4 20. d4 f3 21. Rb1 Rc7 22. Kf2 f6 23. exf6 Bxf6 24. Nb4 Na5 25. Bd3 Ke7 26. Bf4 Rcc8 27. Re1 Rhf8 28. Nxd5+ Kd7 29. Nb6+ 1-0

[Event "Albena Masters op"]
[Site "Albena"]
[Date "2014.06.06"]
[Round "6"]
[White "Dimitrov, Daniel"]
[Black "Galinskyi, Mykhalo"]
[Result "1-0"]
[WhiteElo "1860"]
[BlackElo "1487"]
[PlyCount "109"]
[EventDate "2014.06.01"]
[EventType "swiss"]
[EventRounds "9"]
[EventCountry "BUL"]
[SourceTitle "CBM 160 Extra"]
[Source "ChessBase"]
[SourceDate "2014.07.01"]
[SourceVersion "1"]
[SourceVersionDate "2014.07.01"]
[SourceQuality "1"]

1. f4 c5 2. Nf3 Nc6 3. e3 e6 4. b3 Nf6 5. Bb2 Be7 6. Be2 a6 7. 0-0 0-0 8. d3 d5 9. Nbd2 b6 10. h3 Bb7 11. g4 h5 12. g5 Nh7 13. h4 Bd6 14. Ne5 Bxe5 15. Bxe5 Nxe5 16. fxe5 d4 17. e4 g6 18. Nc4 Nxg5 19. hxg5 Qxg5+ 20. Kh2 Qh4+ 21. Kg2 Qg5+ 22. Kh3 Kh7 23. Rg1 Qh6 24. Nxb6 Rae8 25. Nd7 f5 26. Nf6+ Rxf6 27. exf6 fxe4 28. dxe4 Bxe4 29. Bd3 Bf5+ 30. Bxf5 exf5 31. Qc1 Re3+ 32. Rg3 f4 33. Rxe3 fxe3 34. Qh1 Qf4 35. Qb7+ Kh6 36. Qg7+ Kg5 37. Rg1+ Kf5 38. Qxg6+ Ke5 39. Rg5+ Kd6 40. f7+ Ke7 41. f8Q+ Qxf8 42. Qh7+ Kd6 43. Rg6+ Ke5 44. Qxh5+ Qf5+ 45. Qxf5+ Kxf5 46. Rg8 Ke4 47. Kg3 d3 48. Re8+ Kd4 49. Rd8+ Kc3 50. Rxd3+ Kxc2 51. Rxe3 Kb2 52. Re2+ Ka3 53. Kf3 a5 54. Rc2 Kb4 55. Ke4 1-0

[Event "Albena Masters op"]
[Site "Albena"]
[Date "2014.06.02"]
[Round "2"]
[White "Galinskyi, Mykhalo"]
[Black "Bochev, Krasimir"]
[Result "0-1"]
[WhiteElo "1487"]
[BlackElo "2077"]
[PlyCount "64"]
[EventDate "2014.06.01"]
[EventType "swiss"]
[EventRounds "9"]
[EventCountry "BUL"]
[SourceTitle "CBM 160 Extra"]
[Source "ChessBase"]
[SourceDate "2014.07.01"]
[SourceVersion "1"]
[SourceVersionDate "2014.07.01"]
[SourceQuality "1"]

1. e4 g6 2. d4 Bg7 3. Nc3 c6 4. Nf3 d5 5. e5 Bg4 6. h3 Bxf3 7. Qxf3 e6 8. Bd3 Ne7 9. Bg5 Nd7 10. Ne2 c5 11. dxc5 0-0 12. h4 Nxe5 13. Qh3 Nxd3+ 14. Qxd3 Qa5+ 15. c3 Qxc5 16. b4 Qc7 17. Nd4 Nc6 18. Nxc6 Qxc6 19. Rc1 Rac8 20. Bd2 Qc4 21. Qxc4 Rxc4 22. Kd1 Rfc8 23. Rh3 Rg4 24. Rh2 b5 25. Ke2 Rgc4 26. a4 bxa4 27. Ra1 Rxb4 28. cxb4 Bxa1 29. Rh3 Bb2 30. Rh1 a3 31. Rb1 Bf6 32. Bg5 a2 0-1

[Event "Oslo op ELO"]
[Site "Oslo"]
[Date "2011.10.02"]
[Round "1"]
[White "Botheim, Tor"]
[Black "Galinskyi, Mykhalo"]
[Result "1-0"]
[WhiteElo "1954"]
[BlackElo "2400"]
[PlyCount "81"]
[EventDate "2011.10.02"]
[EventType "swiss"]
[EventRounds "9"]
[EventCountry "NOR"]
[SourceTitle "EXT 2023"]
[Source "ChessBase"]
[SourceDate "2022.10.05"]
[SourceVersion "1"]
[SourceVersionDate "2022.10.05"]
[SourceQuality "1"]

1. e4 e5 2. Nf3 Nc6 3. Bb5 Nf6 4. 0-0 Bc5 5. c3 Nxe4 6. d4 Bb6 7. Qe2 d5 8. Nxe5 Qf6 9. Nd2 Bf5 10. a4 a5 11. Nxe4 Bxe4 12. Be3 0-0 13. Nd7 Qf5 14. Nxf8 Rxf8 15. f3 Bc2 16. Rf2 Bb3 17. Qd2 Re8 18. Re2 Qe6 19. Bf4 Qxe2 20. Bxe2 Bc4 21. Bxc4 dxc4 22. Re1 Rd8 23. Qe2 h6 24. Qxc4 Nxd4 25. cxd4 Rxd4 26. Qxd4 Bxd4+ 27. Kf1 Bxb2 28. Rb1 g5 29. Rxb2 gxf4 30. Rxb7 c6 31. Ke2 Kg7 32. Kd3 Kg6 33. Ke4 Kg5 34. Rxf7 h5 35. Rxf4 c5 36. Rf5+ Kh4 37. f4 Kg4 38. Rg5+ Kh4 39. Kf3 c4 40. g3+ Kh3 41. Rxh5# 1-0